000 01174nam a2200289 c 4500
003 BLK
005 20210909142921.0
008 180411b bul|||||r ||||||| ||bul||
010 _aKNG00205591000
040 _aBLK
041 _aBUL
_cBUL
080 _aВоенна история - Военни походи, битки, героични подвизи. Вж и 93/99
_b355.48
_x(47+57)(092)
_z355.48(47+57)(092)
080 _aБиографии
_b929
_x
_z929
100 1 _aЯковлев, Николай Николаевич
_eпърви автор
_9333523
700 1 _aГригорова, Росица
_eпрев. от рус.
_9372626
139 _aЯковлев, Николай Н.
_bЖ 81
245 1 0 _aМаршал Жуков
_bБиогр. очерк
_cНиколай Николаевич Яковлев; прев. от рус. Росица Григорова.
257 _aBGR
260 София
_bПартиздат
_c1987
300 _a280 с.
_c20 см
380 _a3
852 _aЦб 151329
856 4 _qpdf
_u
856 4 _qpdf
_u
942 _cKNG
_n0
_07
944 _aCR
_c07.02.2018
_kХристина_Везирева
944 _aED
_c07.02.2018
_kХристина_Везирева
999 _c196319
_d196319